| 000 | 00401nam a2200157Ia 4500 | ||
|---|---|---|---|
| 005 | 20250704033220.0 | ||
| 008 | 240331s9999 xx 000 0 und d | ||
| 020 | _a9555910154 | ||
| 082 |
_bVIT _a954 |
||
| 100 | _aVithana,G | ||
| 245 | 0 | _aSigiri geeye samaja dakma | |
| 260 |
_aColombo _bLassana Printers _c1992 |
||
| 300 | _a102 p ., | ||
| 500 | _aThe Social Vision Of the Sigiriya Song | ||
| 942 | _cL | ||
| 999 |
_c5300 _d5300 |
||